000 00837cab a2200205 4500
001 ##L134840
008 060905n2006 000 0 eng u
035 _a(Sirsi) u134840
041 0 _aeng
100 1 _aKing, Vivien
245 0 4 _aThe arc of the covenant is too wide
260 _c2006
490 0 _aEstates Gazette
_v(0635) 2 September 2006, 136-138(3)
520 _aDiscusses the issue of a covenant to comply with a statute being set out in very general terms, leading to tenants facing demands for unnecessary works. Offers advice to surveyors drawing up schedules of dilapidations to help deal with this issue.
590 _aIKA190906
651 4 _aEngland and Wales
_y1543-
690 _aPROPERTY-LEASEHOLD PROPERTY-LANDLORD AND TENANT-DILAPIDATIONS-DILAPIDATIONS SCHEDULES
700 1 _aMcIntosh, Milton
942 _n0
999 _c77676
_d77676